000 00306nam a22001337a 4500
008 180928b xxu||||| |||| 00| 0 eng d
020 _a9781437734409
041 _aeng
080 _26 ED
_a810
100 _a3
101 _aSHM
245 _aMedical Terminilogy Ashort Course
_cDavi.E
942 _2udc
_cBK
999 _c48661
_d48661